000 01332cam a2200361 a 4500
999 _c529802
_d529802
001 4032626
003 NUST
005 20191003120820.0
008 980409s1998 nyu 000 1 eng
010 _a 98012240
020 _a038531700X
038 _awaseem
040 _aDLC
_cDLC
_dDLC
_dOCoLC
_dDLC
050 0 0 _aPR6055.V213
_bL66 1998
082 0 0 _a813.54
_bEVA
100 1 _aEvans, Nicholas,
_d1950-
_922629
245 1 4 _aThe loop /
_cNicholas Evans.
260 _aNew York, N.Y. :
_bDelacorte Press,
_cc1998.
300 _a434 p. ;
_c25 cm.
650 0 _aWildlife conservation
_vFiction.
_922630
650 0 _aWomen biologists
_vFiction.
_922631
650 0 _aWolves
_vFiction.
_922632
651 0 _aMontana
_vFiction.
_922633
655 7 _aNature stories.
_2lcsh
_922634
655 7 _aLove stories.
_2gsafd
_9418
856 4 2 _3Contributor biographical information
_uhttp://www.loc.gov/catdir/bios/random058/98012240.html
856 4 1 _3Sample text
_uhttp://www.loc.gov/catdir/samples/random044/98012240.html
856 4 2 _3Publisher description
_uhttp://www.loc.gov/catdir/description/random0411/98012240.html
906 _a7
_bcbc
_corignew
_d1
_eocip
_f19
_gy-gencatlg
942 _2ddc
_cBK